| 000 | 00738nam a22002057a 4500 | ||
|---|---|---|---|
| 999 |
_c18726 _d18726 |
||
| 003 | AR-CdUCM | ||
| 008 | 190515b ||||| |||| 00| 0 spa d | ||
| 040 |
_aMUNICIPALIDAD PROVINCIAL DEL CUSCO _cBIBLIOTECA MUNICIPAL DEL CUSCO |
||
| 082 |
_a352.2 / _bF55 |
||
| 100 |
_aFiorini, Bartolome A. _939485 |
||
| 245 | _aPoder de policía / | ||
| 260 |
_aBuenos Aires : _bAlfa, _c1958. |
||
| 300 |
_a356 páginas ; _c24 cm. |
||
| 505 | _aContenido: Que es policía -- La policía en el estado moderno -- Limitaciones a la policía -- Policía administrativa -- Como se manifiesta la policía ... | ||
| 650 |
_aPolicía _932133 |
||
| 650 |
_aLegislación _92962 |
||
| 650 |
_aArgentina _9511 |
||
| 942 |
_2ddc _cLIBROS |
||
| 945 |
_aacv _d2019-05-15 |
||